| 000 | 00573nam a2200181Ia 4500 | ||
|---|---|---|---|
| 003 | GCL | ||
| 008 | 140319s9999 xx 000 0 ara d | ||
| 040 |
_aGCL / _cGCL |
||
| 082 | 0 | 4 |
_a413.7 _bف م |
| 100 | 1 | _aفريتاغ، جورج | |
| 245 | 1 | 0 |
_aالمعجم العربى اللاتينى مع مسرد ألفائى بالالفاظ اللاتينية / _cفريتاغ، جورج |
| 700 | 1 | _aبن سيلو، هـ . ا | |
| 490 | _a | ||
| 650 | 0 | 4 | _aاللغة العربية |
| 650 | 0 | 4 | _aالمعاجم |
| 650 | 0 | 4 | _aاللغة اللاتينية |
| 942 |
_2ddc _cBK |
||
| 999 |
_c46407 _d46407 |
||